000 00286nam a22001337a 4500
008 180220b xxu||||| |||| 00| 0 eng d
020 _a9780439926447
041 _aeng
080 _a37
100 _a47
101 _aEDU
245 _aThe reading zone
_cHarwayne,Sh
942 _2udc
_cBK
999 _c42928
_d42928